| 000 | 00496nam a2200193 a 4500 | ||
|---|---|---|---|
| 001 | 1757513024849 | ||
| 003 | ACL | ||
| 005 | 20250910193607.0 | ||
| 008 | 250910s2003##################000#0#eng## | ||
| 020 | _a9780486431383 | ||
| 082 | 0 | 4 |
_a790.194 _bBEA |
| 100 | 1 |
_aBeard, Daniel Carter, _eauthor. |
|
| 245 | 1 | 0 | _aThe American Boy's Handy Book : |
| 260 |
_bCourier Corporation, _c2003. |
||
| 300 | _a468 pages | ||
| 650 | 0 | _aJuvenile Nonfiction. | |
| 942 | _cENGLISH | ||
| 040 |
_aACL _beng _cACL |
||
| 999 |
_c586411 _d586411 |
||